Investigación sobre la aceptabilidad empresarial de la especialidad de archivistica /

Saved in:
Bibliographic Details
Other Authors: Arévalo Mantilla, Jorge Enrique, DUQUE MARTINEZ, Marivel, Malagón Clavijo, Eliana, López Sanchez, Sandra Patricia, RODRIGUEZ ECHEVERRY, Diana Marcela
Format: Thesis Book
Language: Spanish
Published: Bogotá : Los autores, 2001.
Subjects:

MARC

LEADER 00000nam a2200000 a 4500
001 000039494
003 CO-BoSNA
005 20260106214705.0
008 971110s2001^^^^ck^^^^^frm^^^^001^0^spa^d
040 |a CO-BoSNA  |b spa 
041 0 |a spa 
043 |a s-ck--- 
245 0 0 |a Investigación sobre la aceptabilidad empresarial de la especialidad de archivistica /  |c Jorge Enrique Arevalo Mantilla , [y otros]. 
246 3 4 |a Proyecto nivel de aceptabilidad del empresario respecto al técnico profesional en archivistica. 
260 |a Bogotá :  |b Los autores,  |c 2001. 
300 |a [80 páginas] aprox :  |b ilustraciones ;  |c 28 cm. 
504 |a incluye bibliografía e índices 
502 |a Proyecto de investigación (Técnico profesional en administración de recursos humanos). -- SENA. Centro de servicios administrativos, Bogotá, 2001 
650 4 |a Ley 594 del 14 de julio de 2000 
650 1 7 |a ARCHIVISTICA  |x MERCADO LABORAL  |2 LEMB 
650 7 |a ARCHIVISTICA  |x LEYES  |z COLOMBIA  |2 LEMB 
650 4 |a CONTRATO DE APRENDIZAJE  |x LEMB 
700 1 |a Arévalo Mantilla, Jorge Enrique 
700 1 |a DUQUE MARTINEZ, Marivel 
700 1 |a Malagón Clavijo, Eliana 
700 1 |a López Sanchez, Sandra Patricia 
700 1 |a RODRIGUEZ ECHEVERRY, Diana Marcela 
952 |0 0  |1 0  |4 3  |6 T_331_702000000000000_I624I  |7 0  |8 GENER  |9 199248  |a 11404  |b 11404  |d 2006-09-21  |l 0  |o T 331.702 I624i  |p 119303029033  |r 2026-01-06 21:47:05  |t Ej. 1  |w 2026-01-06  |x No posee número de inventario  |y BOOK  |z Av. Caracas No. 13-65, Bogotá 
999 |c 39490  |d 39490